Commentaires sur les psaumes / Tome 6 (Psaumes 127-133)
| Main Author: | |
|---|---|
| Contributors: | ; |
| Format: | Print Book |
| Language: | Latin French |
| Subito Delivery Service: | Order now. |
| Check availability: | HBZ Gateway |
| WorldCat: | WorldCat |
| Interlibrary Loan: | Interlibrary Loan for the Fachinformationsdienste (Specialized Information Services in Germany) |
| Published: |
Paris
Les Éditions du Cerf
2024
|
| In: |
Commentaires sur les psaumes texte critique du CCL 61 (J. Doignon)
Year: 2024 |
| Series/Journal: | Sources chrétiennes
no 643 |
| Standardized Subjects / Keyword chains: | B
Hilarius, Poitiers, Bischof, Heiliger 315-367, Tractatus super Psalmos
|
| Further subjects: | B
Spring
|
| Online Access: |
Table of Contents Blurb Literaturverzeichnis |
MARC
| LEADER | 00000cam a2200000 cc4500 | ||
|---|---|---|---|
| 001 | 1894852281 | ||
| 003 | DE-627 | ||
| 005 | 20240911075022.0 | ||
| 007 | tu | ||
| 008 | 240709s2024 fr ||||| 00| ||lat c | ||
| 020 | |a 9782204161695 |c br. |9 978-2-204-16169-5 | ||
| 024 | 3 | |a 9782204161695 | |
| 035 | |a (DE-627)1894852281 | ||
| 035 | |a (DE-599)KXP1894852281 | ||
| 035 | |a (OCoLC)1445417919 | ||
| 040 | |a DE-627 |b ger |c DE-627 |e rda | ||
| 041 | |a lat |a fre |h lat | ||
| 044 | |c XA-FR | ||
| 084 | |a 1 |2 ssgn | ||
| 084 | |a BO 2802 |2 rvk |0 (DE-625)rvk/14214:11596 | ||
| 100 | 0 | |e VerfasserIn |0 (DE-588)118550896 |0 (DE-627)079348750 |0 (DE-576)208957839 |4 aut |a Hilarius |c Poitiers, Bischof, Heiliger |d 315-367 | |
| 109 | |a Hilaire de Poitiers, Heiliger 315-367 |a Hilarion Heiliger 315-367 |a Hilarius Episcopus Pictavorum, Heiliger 315-367 |a Hilarius Sanctus 315-367 |a Pseudo-Hilarius Pictaviensis, Heiliger 315-367 |a Ilario di Poitiers, Heiliger 315-367 |a Hylarius Sanctus 315-367 |a Hilarius Bischof, Heiliger 315-367 |a Hilarius von Pictavium, Heiliger 315-367 |a Saint-Hilaire 315-367 |a Hilarius von Poitiers, Heiliger 315-367 |a Hilarius Pictaviensis, Heiliger 315-367 |a Hilarius Poitiers, Bischof, Heiliger 315-367 |a Hilarius von Poitiers 315-367 |a Hilary of Poitiers, Heiliger 315-367 |a Hilarius Episcopus, Heiliger 315-367 | ||
| 245 | 1 | 0 | |a Commentaires sur les psaumes |n Tome 6 |p (Psaumes 127-133) |c Hilaire de Poitiers ; traduction, notes et index par Patrick Descourtieux |
| 264 | 1 | |a Paris |b Les Éditions du Cerf |c 2024 | |
| 300 | |a 330 Seiten |c 20 cm | ||
| 336 | |a Text |b txt |2 rdacontent | ||
| 337 | |a ohne Hilfsmittel zu benutzen |b n |2 rdamedia | ||
| 338 | |a Band |b nc |2 rdacarrier | ||
| 490 | 1 | |a Sources chrétiennes |v no 643 | |
| 583 | 1 | |a Archivierung/Langzeitarchivierung gewährleistet |f FID |x XA-DE-BW |2 pdager |5 DE-21 | |
| 655 | 7 | |a Quelle |0 (DE-588)4135952-5 |0 (DE-627)105661236 |0 (DE-576)209665084 |2 gnd-content | |
| 689 | 0 | 0 | |d u |0 (DE-588)4260828-4 |0 (DE-627)104627239 |0 (DE-576)210592753 |a Hilarius |2 gnd |c Poitiers, Bischof, Heiliger |d 315-367 |t Tractatus super Psalmos |
| 689 | 0 | |5 (DE-627) | |
| 700 | 1 | |e HerausgeberIn |0 (DE-588)118599937X |0 (DE-627)1665281790 |4 edt |a Descourtieux, Patrick |d 1957- | |
| 700 | 1 | |e ErwähnteR |0 (DE-588)131519115 |0 (DE-627)510164161 |0 (DE-576)257378774 |4 oth |a Doignon, Jean |d 1922-1997 | |
| 773 | 1 | 8 | |a Commentaires sur les psaumes texte critique du CCL 61 (J. Doignon) |w (DE-627)1352577119 |w (DE-576)282577114 |g Tome 6 |q 6 |7 nnam |
| 830 | 0 | |a Sources chrétiennes |v no 643 |9 643 |w (DE-627)130753432 |w (DE-576)001748157 |w (DE-600)996276-1 |x 0750-1978 |7 am | |
| 856 | 4 | 2 | |u https://swbplus.bsz-bw.de/bsz1894852281inh.htm |m V:DE-576 |m B:DE-21 |v 20240803193354 |3 Inhaltsverzeichnis |7 1 |
| 856 | 4 | 2 | |u https://swbplus.bsz-bw.de/bsz1894852281kla.htm |m V:DE-576 |m B:DE-21 |v 20240803193354 |3 Klappentext |7 1 |
| 856 | 4 | 2 | |u https://swbplus.bsz-bw.de/bsz1894852281ref.htm |m V:DE-576 |m B:DE-21 |v 20240821193936 |3 Literaturverzeichnis |7 1 |
| 935 | |a mteo | ||
| 936 | r | v | |a BO 2802 |b Werke |k Theologie und Religionswissenschaften |k Patrologie und Kirchengeschichte |k Kirchengeschichte nach Perioden |k Alte Kirchengeschichte und Patrologie |k Von 313 bis Gregor der Große (ca. 604) |k Christliche Schriftsteller der ersten sechs Jahrhunderte |k Autoren H |k Hilarius (von Poitiers, ca. 310 - 367) |k Werke |0 (DE-627)1398351814 |0 (DE-625)rvk/14214:11596 |0 (DE-576)328351814 |
| 951 | |a MV | ||
| ELC | |b 1 | ||
| ITA | |a 1 |t 1 | ||
| LOK | |0 000 xxxxxcx a22 zn 4500 | ||
| LOK | |0 001 4548794794 | ||
| LOK | |0 003 DE-627 | ||
| LOK | |0 004 1894852281 | ||
| LOK | |0 005 20240717164638 | ||
| LOK | |0 008 240710||||||||||||||||ger||||||| | ||
| LOK | |0 040 |a DE-21 |c DE-627 |d DE-21 | ||
| LOK | |0 852 |a DE-21 | ||
| LOK | |0 852 1 |c 48 A 6399-6 |9 00 | ||
| LOK | |0 935 |a theo | ||
| LOK | |0 938 |a 2407 |f 2 | ||
| LOK | |0 939 |a 10-07-24 |b l01 | ||
| LOK | |0 000 xxxxxcx a22 zn 4500 | ||
| LOK | |0 001 454884810X | ||
| LOK | |0 003 DE-627 | ||
| LOK | |0 004 1894852281 | ||
| LOK | |0 005 20240710110241 | ||
| LOK | |0 008 240710||||||||||||||||ger||||||| | ||
| LOK | |0 040 |a DE-21-31 |c DE-627 |d DE-21-31 | ||
| LOK | |0 541 |e 24/447 | ||
| LOK | |0 852 |a DE-21-31 | ||
| LOK | |0 852 1 |c Eb I 230-643 |m p |9 00 | ||
| LOK | |0 938 |a 2407 |f E5 | ||
| LOK | |0 938 |k p | ||
| LOK | |0 939 |a 10-07-24 |b l01 | ||
| ORI | |a SA-MARC-ixtheoa001.raw | ||
| SYG | 0 | 0 | |a Hilarius,Poitiers, Bischof, Heiliger,315-367,Tractatus in psalmos quae exstant,Hilarius,Poitiers, Bischof, Heiliger,315-367,In Psalmos,Hilarius,Poitiers, Bischof, Heiliger,315-367,Commentaires sur les Psaumes |